| 000 | 01289nam a2200361 i 4500 | ||
|---|---|---|---|
| 001 | 196801 | ||
| 003 | ES-MaACL | ||
| 005 | 20250804062715.0 | ||
| 008 | 241203s2001 sp | ||| ||spa | ||
| 016 | 7 |
_abimoBNE20020491251 _2SpMaBN |
|
| 017 |
_aM 43646-2001 _bOficina Depósito Legal Madrid |
||
| 020 | _a8408041274 | ||
| 035 | _a(OCoLC)433130681 | ||
| 035 | _a(SpMaBN)bimo0001791447 | ||
| 040 |
_aSpMaBN _bspa _cSpMaBN _erdc |
||
| 080 | _a821.134.2-31"19" | ||
| 100 | 1 |
_aBonells, Jordi, _d1951- _9239346 _eaut |
|
| 245 | 1 | 3 |
_aEl olvido / _cJorge Bonells. |
| 250 | _aPrimera edición: noviembre de 2001 | ||
| 260 |
_aBarcelona : _bPlaneta, _c2001. |
||
| 300 |
_a215 páginas ; _c22 cm |
||
| 336 |
_2rdacontent _atexto |
||
| 337 |
_2rdamedia _asin mediación |
||
| 338 |
_2rdacarrier _avolumen |
||
| 490 | 1 | _aAutores españoles e iberoamericanos | |
| 655 | 0 |
_aNovelas _9234319 |
|
| 852 |
_aES-M aACL _cDEPOJ _jN-10249 _hDonación: José Lázaro García _xEncuadernación rústica con solapas _9206375 |
||
| 903 |
_9234219 _aLázaro García, José _ednr |
||
| 942 |
_cMONOGRAFIA _n0 |
||
| 999 |
_c196801 _d196801 |
||